| 000 | 00506nam a2200157 i 4500 | ||
|---|---|---|---|
| 001 | 149630 | ||
| 003 | ES-MaACL | ||
| 005 | 20230906203202.0 | ||
| 007 | t| | ||
| 008 | 071023s1947 sp ||||1| spa d | ||
| 100 | 1 |
_aVargas Ugarte, Rubén. _9113216 |
|
| 245 | 1 | 0 |
_aEnsayo de un diccionario de artífices coloniales de la América Meridional / _cRubén Vargas Ugarte. |
| 260 |
_a[S.l. : _bs.n.], _c1947 ( _fTalls. Gráfs. A. Baiocco) |
||
| 300 |
_a391 p. ; _c24 cm. |
||
| 852 |
_aES-MaACL _jD-6828 _bR.27217 |
||
| 999 |
_c149630 _d149630 |
||